Регионална библиотека "Любен Каравелов" - Русе

Клеопатра (Запис номер 105706)

MARC детайли
000 -Лидер
Контролно поле с фиксирана дължина 01180nam a2200349 c 4500
003 - Код на организацията, давaща контролен номер
Контролно поле BLK
005 - Дата и час на последна редакция
Контролно поле 20250322103259.0
008 - Елементи от данни с фиксирана дължина
fixed length control field 180409b bul|||||r ||||||| ||bul||
010 ## - Наследен системен номер
LC control number KNG00110942000
020 ## - Международен стандартен номер на книга ISBN
Международен стандартен номер на книга ISBN 954-585-501-0
020 ## - Международен стандартен номер на книга ISBN
Международен стандартен номер на книга ISBN 9789545855016
040 ## - Източник на каталожния запис
Идентификатор на билиотеката - собственик на записа BLK
041 ## - Код за език
Код за езика на текст/звукозапис или на отделно заглавие Български
Код за езика КДБФ Български
080 ## - УДК
Текстов определител УДК Американска литература (на САЩ)
УДК код - определител по УДК 821.111(73)
УДК определител -311.6
УДК - код + определител 821.111(73)-311.6
100 1# - Редна дума - Автор
Автор Есекс, Карен
Авторска отговорност първи автор
R(LIN) 67605
139 ## - Редно поле
Редна дума Есекс, Карен
Авторски знак Есе - Е 86
245 10 - Сведения за заглавието
Заглавие Клеопатра
Подзаглавни данни Роман
Редно поле (дума) Карен Есекс; прев. Теодора Божилчева.
257 ## - Страна на издаване
Страна на създаване/издаване Съединени американски щати
260 ## - Област на издателските данни
Име на издателя, разпространителя и проч. Бард
Година на издаване 2003
300 ## - Физическа характеристика
Страници 384 с.
Размери/Мащаб 21 см
380 ## - Жанр
Жанр Худож. лит.
500 ## - Общи забележки
Забележка Ориг. загл. Kleopatra / Karen Essex. - Офс. изд.
653 ## - Ключова дума – ненормативна
Ключова дума исторически романи
700 ## - Други автори (авторска отговорност)
Лично име Божилчева, Теодора Методиева
Дати, свързани с автора 1966-
9 (RLIN) 368435
852 ## - Местоположение
Форматна сигнатура Цб 217983
856 4# - Електронен адрес и достъп
Електронен формат pdf - файл
856 4# - Електронен адрес и достъп
Електронен формат pdf - файл
999 ## - СИСТЕМНИ КОНТРОЛНИ НОМЕРА
Koha biblionumber 105706
Koha biblioitemnumber 105706
942 ## - АРТИКУЛИ
Вид на библиотечния материал Книги
Скрит в OPAC Не
Koha issues (borrowed), all copies 13
Периодичен библиозапис Да
944 ## - СЪЗДАВАНЕ И РЕДАКЦИЯ на ЗАПИСА
Създаване/Редакция Създаване
Дата на регистрацията/редакция 09.02.2004
Служител, извършил регистрацията/редакцията 30546
Статус, дата на статуса Ренета Константинова
944 ## - СЪЗДАВАНЕ И РЕДАКЦИЯ на ЗАПИСА
Създаване/Редакция Редакция
Дата на регистрацията/редакция 12.02.2007
999 ## - СИСТЕМНИ КОНТРОЛНИ НОМЕРА
Koha biblioitemnumber 105706
Наличности
Код за отписване Код за изгубен артикул Код за повреда Коз за рестрикции Код за отдаване Артикулен № Име на библиотеката - собственик Име на библиотеката, в която се намира в момента Статус (Текущо местоположение) Дата на вписване в системата Местоположение - отдел Цена в лева Инвентарен номер Систематично азбучна сигнатура Баркод Номер на екземпляра Цена в евро Служебна бележка Служебен тип на артикула Източник на класификационната схема
Изтеглен Не е изгубен Не е повреден без рестрикции заемане за дома 170639 Регионална библиотека "Любен Каравелов" Русе Регионална библиотека "Любен Каравелов" Русе Заемна - подръчен фонд 2004-02-09 Заемна - подръчен фонд 10.00 120000682517 П 820(73)-31/Е 86 120000682517 1 5.11 Дост: Pk Вид: Ф N: 3 Дата: 09.02.2004 Дата инв: 14.02.2018 Бележки инв: П2018 Книги  
  Не е изгубен Не е повреден само за читалня ползва се в читалня 899736 Регионална библиотека "Любен Каравелов" Русе Регионална библиотека "Любен Каравелов" Русе Хранилище 2022-08-11 Основен фонд - ползва се само за читалня 9.99   Цб 312984 120000873996   5.11   Книги Universal Decimal Classification
Vip Innovations Ltd, Rousse, Bulgaria 2025